The bait of satan (Record no. 169032)

MARC details
000 -LEADER
fixed length control field 00274nam a2200097Ia 4500
082 ## - DEWEY DECIMAL CLASSIFICATION NUMBER
Classification number 241.4|BEVE
008 - FIXED-LENGTH DATA ELEMENTS--GENERAL INFORMATION
fixed length control field 210817s9999 xx 000 0 und d
100 ## - MAIN ENTRY--PERSONAL NAME
Personal name BEVERE, John Lake Mary, Florida, 2004 10th anniv. ed.
9 (RLIN) 53232
245 #0 - TITLE STATEMENT
Title The bait of satan
942 ## - ADDED ENTRY ELEMENTS
item type Books
Holdings
Withdrawn status Lost status Damaged status Not for loan Home library Current library Date acquired Cost, normal purchase price Total Checkouts Barcode Date last seen Price effective from item type
        Emthonjeni PL (MMID-PLEMA-EMTH) Emthonjeni PL (MMID-PLEMA-EMTH) 18.08.2021 180.00   3322810040416 18.08.2021 18.08.2021 Books